000 01073nam a2200277Ia 4500
003 OSt
005 20221007123328.0
006 a|||||r|||| 00| 0
007 ta
008 221006b |||||||| |||| 00| 0 eng d
020 _a0738200565 (hbd)
_c
_ 60.00
024 _a6830
037 _bAffiliated,
_cTextual
040 _aPAPL
_cPAPL
_beng
041 _2eng
_aeng
082 _aC62:(B7:3), N8
100 _aSchwinger Julian^eand others
_9717098
245 0 _aClassical electrodynamics by Julian Schwinger and others
260 _aReading,
_bMassachusetts Perseus Books
_c1998
300 _axxii,569p
_ccm.
500 _aAppendix 555-559p; Bibliography p561; Index 563-569p; ^n23/CSL/Carpa/00-01/264^d2000-07-04^mPurchase; ; 2000-2001/132^b2000-07-11^cD-15561^d2000-07-07^eRs.4,892.00^fAffiliated East-West Press Pvt Ltd; ; 2000-08-02^bSB^c2000-08-02^dSK^r2000-10-03
650 _a Electrodynamics
_9714060
650 _aPhysics
942 _hC62:(B7:3), N8
_cTEXL
_2CC
999 _c1211702
_d1211702